01365nam a2200241 i 4500001000700000003000900007005001700016008004100033100002900074245006300103260005200166300004300218594007200261596002700333597002100360599014400381650003900525700005300564700004500617852031200662999001900974952013000993154292ES-MaACL20250812113355.0931025s1796 sp af |||| | spa d0 aGessner, Salomon.95652613aEl primer navegante b: poema en dos cantos / cde Gesner. aEn Madrid : ben la imprenta de Sancha, c1796. a70 p., [2] h. de grab. ; c8º (15 cm) aSegún Palau, 101664 el traductor es M.A. Rodríguez Fernández. aMarca de imp. en port. aSign.: A-D8, E3. aLas láminas son grabados calcográficos que ilustran los cantos: "Pr. Navegante Cto. I. M.R. fc." y "Pr. Navegante Cto. II. fonseca fc." 4aPoesía pastoril alemana.91367321 aRodríguez Fernández, Manuel Antonio.91550361 aFonseca, José, dfl. 1791-18079145844 aES-MaACL jR-1251(1) z-- Enc. pasta española z-- Ex-libris ms. de Gustavo Saenz Diez, 1877 x-- Olim: G-10578 x-- Edic.: 70, [2] p. -- En pag. [1] consta: "Se hallará, con el monólogo lírico, intitulado Hero y Leandro, en la librería de Quiroga ..." x Olim: G-10578 c154292d154292 001040708LIBXVIIIaATENEOMbATENEOMcDEPOd2008-01-17eSSCl0oR-1251(1)p1161343r2023-02-23 00:00:00w2023-02-23yMONANT